000 00908nam a2200265Ia 4500
001 22100
005 20260320113342.0
008 260320s9999||||xx |||||||||||||| ||und||
020 _a9788491138082
041 _aESP
082 _a616.01
_bM97M
100 _aMurray, Patrick R.,
_eAUT
245 0 _aMicrobiología médica
_b
246 _a
_5
_b
250 _aNovena edición
260 _aBarcelona :
_bElsevier,
_c2021
300 _aix, 854 páginas :
_bilustraciones, tablas, cuadros ;
_c27 cm.
_e
440 _a
_n
_v
650 _aTCA
653 _aMedicina; Microbiología médica
654 _aCCS
700 _aRosenthal, Ken S.; Pfaller, Michael A.,
_cAUTS
856 _uhttps://0u216rxm3-y-https-accessmedicina-mhmedical-com.itmsp.museknowledge.com/searchresults.aspx?q=Microbiolog%u00eda+m%u00e9dica
_zVéase además: Base de datos McGraw Hill Access Medicina
942 _cLIB
_dJUS
_fMIP
_2ddc
_n
999 _c22100
_d22100